000 00585nam a2200193Ia 4500
005 20250508150946.0
008 008 250505s9999 xx 000 0 eng d
037 _aTextual
040 _aFEDL
_beng
_cFEDL
041 _aeng
_2eng
084 _a973, WIL
_qFEDL
100 _aWilson Howard E
_9623108
245 0 _aThis America: Our land , our people, our faith, out defense
260 _aNew York, USA
_bAmerican Book Company
_c1942
300 _aviii,209p
700 _a Bowman Nelle E King Allen Y
_9758055
942 _cTEXL
_h973, WIL
999 _c1326726
_d1326726